000 00435nam a2200145Ia 4500
041 _aArabic
082 _a 321,02 cut-699 و
100 _a20260118u\\\\\\\\\\\y0engy0103\\\\ba
100 _aرؤنالد ل واتس
245 0 _aنمازج المشاركة لافدرالىة فى السلطة
250 _aط1
260 _bالمعهد الدىمقراطى الوطنى
_aبخداد
_c2004
300 _a458
942 _cBk
999 _c188390
_d188390